Oil Price Shocks and Economic Growth in Oil-Exporting Countries : Does the Size of Government Matter? /

This paper examines the impact of government size on how output and government expenditure respond to oil price shocks in 28 oil-exporting countries between 1990 and 2016. Results suggest that if the size of government (measured by government expenditure-to-(non-oil) GDP ratio) is larger, non-oil ou...

Descrizione completa

Dettagli Bibliografici
Autore principale: Sadeghi, Amir
Natura: Periodico
Lingua:English
Pubblicazione: Washington, D.C. : International Monetary Fund, 2017.
Serie:IMF Working Papers; Working Paper ; No. 2017/287
Accesso online:Full text available on IMF
LEADER 01972cas a2200241 a 4500
001 AALejournalIMF018164
008 230101c9999 xx r poo 0 0eng d
020 |c 5.00 USD 
020 |z 9781484335390 
022 |a 1018-5941 
040 |a BD-DhAAL  |c BD-DhAAL 
100 1 |a Sadeghi, Amir. 
245 1 0 |a Oil Price Shocks and Economic Growth in Oil-Exporting Countries :   |b Does the Size of Government Matter? /  |c Amir Sadeghi. 
264 1 |a Washington, D.C. :  |b International Monetary Fund,  |c 2017. 
300 |a 1 online resource (27 pages) 
490 1 |a IMF Working Papers 
500 |a <strong>Off-Campus Access:</strong> No User ID or Password Required 
500 |a <strong>On-Campus Access:</strong> No User ID or Password Required 
506 |a Electronic access restricted to authorized BRAC University faculty, staff and students 
520 3 |a This paper examines the impact of government size on how output and government expenditure respond to oil price shocks in 28 oil-exporting countries between 1990 and 2016. Results suggest that if the size of government (measured by government expenditure-to-(non-oil) GDP ratio) is larger, non-oil output growth, in response to a positive oil price shock, tends to be greater and output volatility higher. Furthermore, I find that an unexpected increase in oil price leads to expansion in government expenditure and the expansion is larger, the larger is the government. This paper provides empirical evidence for direct correlation between government size and macroecnomic stability in oil-exporting countries. The findings imply that fiscal consolidation and economic diversification help to narrow down economic exposure to exogenous oil price shocks and reduce volatility in non-oil output. 
538 |a Mode of access: Internet 
830 0 |a IMF Working Papers; Working Paper ;  |v No. 2017/287 
856 4 0 |z Full text available on IMF  |u http://elibrary.imf.org/view/journals/001/2017/287/001.2017.issue-287-en.xml  |z IMF e-Library